Death in fifteenth-century Castile : (Record n. 5537)

Dettagli MARC
000 -LEADER
fixed length control field 00942nam a2200253 i 4500
003 - CONTROL NUMBER IDENTIFIER
control field IT-RoINE
005 - DATE AND TIME OF LATEST TRANSACTION
control field 20201104080215.0
008 - FIXED-LENGTH DATA ELEMENTS--GENERAL INFORMATION
fixed length control field 051019s2004 uk | r ||| ||eng d
020 ## - INTERNATIONAL STANDARD BOOK NUMBER
International Standard Book Number 1855661004
040 ## - CATALOGING SOURCE
Original cataloging agency SpMaBN
Language of cataloging spa
Transcribing agency IT-RoINE
Description conventions rdc
100 1# - MAIN ENTRY--PERSONAL NAME
Personal name Vivanco, Laura,
Dates associated with a name 1974-
9 (RLIN) 11787
245 10 - TITLE STATEMENT
Title Death in fifteenth-century Castile :
Remainder of title ideologies of the elites /
Statement of responsibility, etc Laura Vivanco.
260 ## - PUBLICATION, DISTRIBUTION, ETC. (IMPRINT)
Place of publication, distribution, etc Woodbridge, Suffolk :
Name of publisher, distributor, etc Tamesis,
Date of publication, distribution, etc 2004.
300 ## - PHYSICAL DESCRIPTION
Extent VI, 211 p. ;
Dimensions 24 cm.
336 ## - CONTENT TYPE
Source rdacontent
Content type term text
337 ## - MEDIA TYPE
Source rdamedia
Media type term unmediated
338 ## - CARRIER TYPE
Source rdacarrier
Carrier type term volume
490 10 - SERIES STATEMENT
Series statement Colección Támesis.
-- Serie A,
-- Monografías ;
Volume number/sequential designation 205
504 ## - BIBLIOGRAPHY, ETC. NOTE
Bibliography, etc Bibliografía: p. [189]-204. Índice
650 #4 - SUBJECT ADDED ENTRY--TOPICAL TERM
Topical term or geographic name as entry element Ritos y ceremonias fúnebres
Geographic subdivision Castilla (Reino)
9 (RLIN) 11790
General subdivision Historia
650 #4 - SUBJECT ADDED ENTRY--TOPICAL TERM
9 (RLIN) 11789
Topical term or geographic name as entry element Muerte
General subdivision Aspecto social
Geographic subdivision Castilla (Reino)
General subdivision Historia
830 #0 - SERIES ADDED ENTRY--UNIFORM TITLE
Uniform title Colección Támesis.
Number of part/section of a work Serie A,
Name of part/section of a work Monografías ;
9 (RLIN) 11825
Volume number/sequential designation 205
942 ## - ADDED ENTRY ELEMENTS (KOHA)
Item type Monografías
Dati di copia
Withdrawn status Lost status Damaged status Not for loan Home library Current library Date acquired Total Checkouts Full call number Barcode Date last seen Price effective from Koha item type
        Iglesia Nacional Española en Roma Iglesia Nacional Española en Roma 15/09/2014   HIS.ESP.2. 246 6750 15/09/2014 15/09/2014 Monografías